00338nam a2200121Ia 4500008004100000020002000041041000800061082002100069100001900090245004100109260005700150300000900207230411s9999 xx 000 0 und d a0-673 99354 - X aeng aA/611/TOR/B00010 aTortora Gerard aPrinciples of Anatomy and Physiology bHarper Collins College PublishersaCalifornia.c1996 a986p